| 000 | 01521nam a2200361Ia 4500 | ||
|---|---|---|---|
| 001 | ebr10114316 | ||
| 003 | CaPaEBR | ||
| 006 | m u | ||
| 007 | cr cn||||||||| | ||
| 008 | 050308s2006 cau sb s001 0 eng d | ||
| 010 | _z 2005005751 | ||
| 020 | _a9780520939073 | ||
| 020 | _z0520223152 (cloth : alk. paper) | ||
| 020 | _z0520245865 (pbk. : alk. paper) | ||
| 040 |
_aCaPaEBR _cCaPaEBR |
||
| 035 | _a(OCoLC)64549389 | ||
| 050 | 1 | 4 |
_aPN1992.6 _b.K55 2006eb |
| 082 | 0 | 4 |
_a302.23/45 _222 |
| 100 | 1 |
_aKlinger, Barbara, _d1951- |
|
| 245 | 1 | 0 |
_aBeyond the multiplex _h[electronic resource] : _bcinema, new technologies, and the home / _cBarbara Klinger. |
| 260 |
_aBerkeley : _bUniversity of California Press, _cc2006. |
||
| 300 | _axii, 310 p. | ||
| 504 | _aIncludes bibliographical references and index. | ||
| 505 | 0 | _aThe new media aristocrats -- The contemporary cinephile -- Remembrance of films past -- Once is not enough -- To infinity and beyond. | |
| 533 |
_aElectronic reproduction. _bPalo Alto, Calif. : _cebrary, _d2009. _nAvailable via World Wide Web. _nAccess may be limited to ebrary affiliated libraries. |
||
| 650 | 0 | _aHome theaters. | |
| 650 | 0 | _aMotion pictures and television. | |
| 650 | 0 |
_aTelevision _xSocial aspects. |
|
| 650 | 0 |
_aTelevision _xTechnological innovations. |
|
| 655 | 7 |
_aElectronic books. _2local |
|
| 710 | 2 | _aebrary, Inc. | |
| 856 | 4 | 0 |
_uhttp://site.ebrary.com/lib/rucke/Doc?id=10114316 _zAn electronic book accessible through the World Wide Web; click to view |
| 999 |
_c106056 _d106056 |
||